Largest Metro Areas In North America - Statistics

General Stats
  • This quiz has been taken 237 times
  • The average score is 40 of 50
Answer Stats
Population Country Metro Area % Correct
13,340,068 United States Los Angeles
98%
20,892,724 Mexico Mexico City
98%
6,129,934 Canada Toronto
98%
9,551,031 United States Chicago
97%
7,102,796 United States Dallas
97%
6,656,947 United States Houston
97%
20,182,305 United States New York
97%
6,012,331 United States Miami
96%
4,774,321 United States Boston
95%
6,069,875 United States Philadelphia
94%
3,733,580 United States Seattle
94%
2,504,340 Canada Vancouver
94%
4,656,132 United States San Francisco
93%
4,060,692 Canada Montréal
92%
5,710,795 United States Atlanta
91%
6,097,684 United States Washington
91%
4,302,043 United States Detroit
90%
2,117,625 Cuba Havana
90%
4,574,531 United States Phoenix
90%
2,814,330 United States Denver
88%
2,389,228 United States Portland
88%
3,299,521 United States San Diego
88%
3,524,583 United States Minneapolis
85%
2,060,810 United States Cleveland
84%
2,000,860 United States Austin
83%
2,387,138 United States Orlando
83%
2,975,225 United States Tampa
83%
2,426,363 United States Charlotte
81%
4,796,603 Mexico Guadalajara
81%
2,618,894 Haiti Port-au-Prince
81%
2,384,075 United States San Antonio
81%
2,749,161 Guatemala Guatemala City
80%
2,811,588 United States St. Louis
80%
2,797,407 United States Baltimore
77%
2,114,801 United States Las Vegas
77%
3,658,648 Dominican Republic Santo Domingo
77%
1,830,345 United States Nashville
76%
2,087,471 United States Kansas City
75%
2,021,632 United States Columbus
74%
2,353,045 United States Pittsburgh
74%
1,988,817 United States Indianapolis
73%
4,475,949 Mexico Monterrey
73%
1,976,836 United States San Jose
71%
2,157,719 United States Cincinnati
67%
1,840,710 Mexico Tijuana
67%
2,274,194 United States Sacramento
65%
4,489,159 United States Riverside
51%
2,941,988 Mexico Puebla
45%
2,196,538 United States San Juan
22%
2,116,506 Mexico Toluca
21%
No matching quizzes found
Score Distribution
Percent of People with Each Score
Percentile by Number Answered
Your Score History
You have not taken this quiz